000 00847cab a2200241 4500
001 ABS45735
008 090401t1992 xxu||||| |||| 00| 0 eng d
035 _a(Sirsi) u54822
041 _aeng
100 _aFowler, D.
245 _aLand engineering
260 _c1992
350 _a0
490 _aNew Civil Engineer
_v(977) 16 January 1992, 18-35(10)
520 _aA feature on the methods used for land reclamation, landfill and waste control, including articles on the rejuvenation of derelict land in Ebbw Vale for the 1992 garden festival, arbitration in waste treatment disputes, landfill site data analysis software, and a survey of British mine workings.
650 _aLAND RECLAMATION
650 _aLANDFILL SITES
650 _aMONITORING
690 _aCONSERVATION
690 _aLAND
942 _n0
948 _c04/03/1997
999 _c33596
_d33596